Fantasía y realidad (Record no. 82421)

MARC details
000 -LEADER
campo de control de longitud fija 00718nam a2200205 i 4500
001 - NÚMERO DE CONTROL
campo de control 82421
003 - IDENTIFICADOR DE NÚMERO DE CONTROL
campo de control ES-MaACL
005 - FECHA Y HORA DE LA ÚLTIMA TRANSACCIÓN
campo de control 20230906174653.0
007 - CAMPO FIJO DE DESCRIPCIÓN FÍSICA--INFORMACIÓN GENERAL
campo de control de longitud fija t|
008 - DATOS DE LONGITUD FIJA--INFORMACIÓN GENERAL
campo de control de longitud fija 041110s1967 sp ||||1| spa d
245 00 - MENCIÓN DEL TÍTULO
Título Fantasía y realidad
Resto del título : selección literaria vasca /
Mención de responsabilidad, etc. Pierre Lafitte, Jean Barbier ; [de Piarres Ibarrat y Charles Becas] ; traducción de textos por I.J. Goikoetxea.
260 ## - PUBLICACIÓN, DISTRIBUCIÓN, ETC.
Lugar de publicación, distribución, etc. San Sebastián :
Nombre del editor, distribuidor, etc. Auñamendi,
Fecha de publicación, distribución, etc. [1967]
300 ## - DESCRIPCIÓN FÍSICA
Extensión 172 p., 4 lám. ;
Dimensiones 18 cm.
700 1# - ENTRADA AGREGADA--NOMBRE PERSONAL
Nombre de persona Lafitte, Pierre.
9 (RLIN) 69495
700 1# - ENTRADA AGREGADA--NOMBRE PERSONAL
Nombre de persona Barbier, Jean.
9 (RLIN) 25455
700 1# - ENTRADA AGREGADA--NOMBRE PERSONAL
Nombre de persona Goicoechea, I. J.
9 (RLIN) 57608
700 1# - ENTRADA AGREGADA--NOMBRE PERSONAL
Nombre de persona Ibarrat, Piarres.
9 (RLIN) 64969
700 1# - ENTRADA AGREGADA--NOMBRE PERSONAL
Nombre de persona Becas, Charles.
9 (RLIN) 26866
852 ## - LOCALIZACIÓN
Ubicación ES-MaACL
Número de control de estantería C-33662
Sublocalización o colección R.63609
Holdings
Estatus retirado Estado de pérdida Estado de daño No para préstamo Biblioteca de origen Biblioteca actual Ubicación en estantería Fecha de adquisición Fuente de adquisición Total de préstamos Signatura topográfica completa Código de barras Visto por última vez Precio de reemplazo Tipo de ítem Koha
        Biblioteca del Ateneo de Madrid Biblioteca del Ateneo de Madrid Depósito 2 17/01/2008     C-33662 1086137 23/02/2023 23/02/2023 Libro impreso